Statistics for Cities In Belarus Map Quiz

Click here to take the quiz!

General Stats

  • This quiz has been taken 22 times
  • The average score is 6 of 10

Answers on the Map

Answers color-coded by a green-red scale on the quiz's map according to % correct below.
Loading ...
 

Answer Stats

Answer% Correct
Minsk
100%
Brest
89%
Gomel
72%
Mogilev
61%
Vitebsk
61%
Hrodna
61%
Pinsk
39%
Babruysk
33%
Barysaw
33%
Baranavichy
17%

Score Distribution

Percentile by Number Answered

Percent of People with Each Score

Your Score History

You have not taken this quiz